MARC

LEADER 00000nam0a2200000 4500
001 108256
005 20231031115555.0
035 |a (RuTPU)RU\TPU\book\116857 
090 |a 108256 
100 |a 20070117d1961 km y0rusy50 ca 
101 1 |a rus  |c eng 
102 |a RU 
105 |a a z 001zy 
200 1 |a Игры и решения: введение и критический обзор  |e пер. с англ.  |f Р. Д. Льюс, Х. Райфа 
210 |a Москва  |c Изд-во иностранной литературы  |d 1961 
215 |a 642 с.  |c ил. 
320 |a Библиогр.: с. 609-625. 
320 |a Предметный указатель: с. 632-636. 
610 1 |a математика 
610 1 |a теория полезностей 
610 1 |a развернутые формы 
610 1 |a нормальные формы 
610 1 |a некооперативные игры 
610 1 |a кооперативные игры 
610 1 |a характеристические функции 
610 1 |a неопределенность 
610 1 |a вероятностная теория полезности 
610 1 |a теорема о минимаксе 
675 |a 519.2  |v 3 
700 1 |a Льюс  |b Р. Д.  |g Р. Данкан 
701 1 |a Райфа  |b Х.  |g Ховард 
801 1 |a RU  |b 63413507  |c 20070117  |g PSBO 
801 2 |a RU  |b 63413507  |c 20131112  |g PSBO 
942 |c BK